Enhancing Named Entity Recognition in LLMs through Domain-Specific Fine-Tuning

Gespeichert in:
Bibliographische Detailangaben
1. Verfasser: Horský, Martin (Verfasst von)
Weitere Verfasser: Brach, William (Betreuung Doktorarbeit)
Format: Manuskript Buch
Sprache:Slowakisch
Englisch
Veröffentlicht: 2025
Schlagworte:
Online-Zugang:http://is.stuba.sk/zp/portal_zp.pl?podrobnosti=175276
Tags: Tag hinzufügen
Keine Tags, Fügen Sie das erste Tag hinzu!

MARC

LEADER 00000ntm a22000003a 4500
001 stuzp102892
003 SK-STU
005 20250614211723.1
007 ta
008 150427s2015----xo-----f-mn---000-0-slo-d
040 |a STU  |b slo 
041 0 |a eng 
100 1 |a Horský, Martin  |u 070400  |4 aut  |U FIIT Fakulta informatiky a informačných technológií  |T FIIT Ústav počítačového inžinierstva a aplikovanej informatiky  |X 120799  |U I400  |Y 672  |7 120799 
242 0 1 |a Zvýšenie výkonu LLM modelov pri rozpoznávaní pomenovaných entít cez doménové doladenie  |y slo 
245 1 0 |a Enhancing Named Entity Recognition in LLMs through Domain-Specific Fine-Tuning 
260 |c 2025 
650 4 |a Named Entity Recognition (NER)  |2 eng 
650 4 |a Fine-tuning  |2 eng 
650 4 |a Small language model (SLM)  |2 eng 
650 4 |a Dolaďovanie jazykových modelov (fine-tuning))  |2 slo 
650 4 |a Malé jazykové modely (SLMs)  |2 slo 
650 4 |a Rozpoznávanie pomenovaných entít (NER)  |2 slo 
700 1 |a Brach, William  |u 070400  |k Z3  |4 ths  |U FIIT Fakulta informatiky a informačných technológií  |T FIIT Ústav počítačového inžinierstva a aplikovanej informatiky  |X 85785  |U I400  |Y 672  |7 85785 
856 4 |u http://is.stuba.sk/zp/portal_zp.pl?podrobnosti=175276